Dealing with insolvent tenants (Record no. 78436)

MARC details
000 -LEADER
fixed length control field 00673cab a2200205 4500
001 - CONTROL NUMBER
control field L136776
008 - FIXED-LENGTH DATA ELEMENTS--GENERAL INFORMATION
fixed length control field 070223n2007 000 0 eng u
035 ## - SYSTEM CONTROL NUMBER
System control number (Sirsi) u136776
041 0# - LANGUAGE CODE
Language code of text/sound track or separate title eng
100 1# - MAIN ENTRY--PERSONAL NAME
Personal name Swerling, Leon
245 00 - TITLE STATEMENT
Title Dealing with insolvent tenants
260 ## - PUBLICATION, DISTRIBUTION, ETC.
Date of publication, distribution, etc. 2007
490 00 - SERIES STATEMENT
Series statement EMIS Property Service
Volume/sequential designation 4(12), January 2007, 5-7(3)
520 ## - SUMMARY, ETC.
Summary, etc. Examines the remedies available to a landlord where a tenant becomes insolvent or a landlord proposes to make a tenant insolvent. Tables.
590 ## - LOCAL NOTE (RLIN)
Local note KA
650 24 - SUBJECT ADDED ENTRY--TOPICAL TERM
Topical term or geographic name entry element LAW OF DISTRESS (AMENDMENT) ACT 1908
651 #4 - SUBJECT ADDED ENTRY--GEOGRAPHIC NAME
Geographic name England and Wales
Chronological subdivision 1543-
690 ## - LOCAL SUBJECT ADDED ENTRY--TOPICAL TERM (OCLC, RLIN)
Topical term or geographic name as entry element Landlord and tenant
9 (RLIN) 6252
942 ## - ADDED ENTRY ELEMENTS (KOHA)
Suppress in OPAC 0
Holdings
Withdrawn status Lost status Source of classification or shelving scheme Damaged status Not for loan Home library Current library Shelving location Date acquired Total Checkouts Full call number Barcode Date last seen Copy number Price effective from Koha item type
    Dewey Decimal Classification     London London Journal article 23/02/2007   L136776 136776-1001 06/08/2019 1 06/08/2019 Journal article